000 00330pam a2200157a 44500
008 230515b1927 xxu||||| |||| 00| 0 eng d
020 _aNULL
041 _aHINDI
082 _a1
100 _aSHARMA
245 _aRASAYOGSAGAR-1
250 _a1
260 _aSANGALI
_bN.D.
_c1927
300 _a100
650 _aRASAYOGSAGAR-1
999 _c496943
_d496943